00589 a2200169 4500020001800000082001200018090001500030100002200045245006800067260002900135300001100164650004900175700002100224942002000245999001700265952013700282 a9780471317784 a621.395 c7202d7202 aGregorian, Roubik a Introduction to CMOS OP-AMPs and comparatorscRoubik Gregorian aCanadabJohn Wileyc1999 a360 p. aComparator circuits--Design and construction aRoubik Gregorian cBKk621.395 GRE c11005d11005 001040708NFICaCLbCLcGENd2012-07-13eA&J DEF TEK Consultantsg9825.00l0o621.395 GREpSEECS011447r2012-11-14w2017-01-05yBK